[Event "AUT-ch"]
[Site "Vienna"]
[Date "2023.07.27"]
[Round "6"]
[White "Mandukhai, Myagmarsuren"]
[Black "Hengl, Philip"]
[Result "1/2-1/2"]
[WhiteElo "1999"]
[BlackElo "2110"]
[PlyCount "105"]
[EventDate "2023.07.22"]
[EventType "swiss"]
[EventRounds "9"]
[EventCountry "AUT"]
[SourceTitle "CBM 215 Extra"]
[Source "ChessBase"]
[SourceDate "2023.09.30"]
[SourceVersion "1"]
[SourceVersionDate "2023.09.30"]
[SourceQuality "1"]

1. d4 Nf6 2. c4 e6 3. Nc3 Bb4 4. g3 0-0 5. Bg2 d5 6. Nf3 dxc4 7. 0-0 Nc6 8. Qa4 Nd5 9. Qc2 Be7 10. Rd1 Rb8 11. e4 Ncb4 12. Qd2 Nf6 13. Ne5 Qe8 14. Nxc4 b5 15. Ne3 Bb7 16. a3 Na6 17. b4 Qd7 18. Qe2 Rfd8 19. Nc2 Bf8 20. Bb2 Ba8 21. Rac1 Qe8 22. Re1 Rb6 23. Rcd1 Nb8 24. Bc1 a6 25. Bg5 Be7 26. Bf4 Rc6 27. Rd3 Rc4 28. Red1 Nc6 29. e5 Nd7 30. Ne3 g5 31. Nxc4 bxc4 32. Re3 gxf4 33. gxf4 Nb6 34. Rh3 f5 35. exf6 Bxf6 36. Ne4 Qe7 37. Qg4+ Kh8 38. Ng5 Bxg5 39. fxg5 Rg8 40. g6 Qg7 41. Qf4 Qxg6 42. Rg3 Qf5 43. Rxg8+ Kxg8 44. Qxc7 Ne7 45. Qxe7 Bxg2 46. Qd8+ Kf7 47. Qc7+ Ke8 48. Qb8+ Ke7 49. Qxb6 Bf3 50. Qc7+ Ke8 51. Qc8+ Ke7 52. Qc7+ Ke8 53. Qc8+ 1/2-1/2

[Event "AUT-chT2W 2223"]
[Site "Austria"]
[Date "2023.04.23"]
[Round "11.4"]
[White "Neukirchner, Pascal"]
[Black "Hengl, Philip"]
[Result "1/2-1/2"]
[WhiteElo "2269"]
[BlackElo "1928"]
[PlyCount "109"]
[EventDate "2022.09.23"]
[EventType "team-tourn"]
[EventRounds "11"]
[EventCountry "AUT"]
[SourceTitle "EXT 2024"]
[Source "ChessBase"]
[SourceDate "2023.10.10"]
[SourceVersion "1"]
[SourceVersionDate "2023.10.10"]
[SourceQuality "1"]
[WhiteTeam "Schwarzach"]
[BlackTeam "Pradl"]
[WhiteTeamCountry "AUT"]
[BlackTeamCountry "AUT"]

1. d4 d5 2. c4 e6 3. Nf3 Nf6 4. g3 dxc4 5. Bg2 Bd7 6. Ne5 Bc6 7. Nxc6 Nxc6 8. 0-0 Qd7 9. e3 0-0-0 10. Nc3 h5 11. b3 Bb4 12. Bb2 Bxc3 13. Bxc3 Nd5 14. Qc2 cxb3 15. axb3 a6 16. Rfc1 Kb8 17. Be1 h4 18. Qc4 hxg3 19. hxg3 f5 20. b4 Na7 21. Ra5 c6 22. Rca1 Nb5 23. Qa2 Rhe8 24. Qb2 g5 25. R5a2 g4 26. Rc1 e5 27. dxe5 Qe6 28. Raa1 Qxe5 29. Qxe5+ Rxe5 30. Rd1 Kc8 31. Rac1 Nf6 32. Rxd8+ Kxd8 33. Rd1+ Kc7 34. Bf1 Ne4 35. Bc4 Nbd6 36. Ba2 c5 37. bxc5 Rxc5 38. Bb4 Rb5 39. Rd4 a5 40. Ba3 Re5 41. Rd1 b5 42. Rc1+ Kb6 43. Bb2 Rc5 44. Bd4 Kc6 45. Bxc5 Nxc5 46. f3 gxf3 47. Kf2 a4 48. Kxf3 b4 49. g4 fxg4+ 50. Kxg4 b3 51. Bxb3 axb3 52. e4 b2 53. Rb1 Nc4 54. e5 Nxe5+ 55. Kh5 1/2-1/2

[Event "AUT-chT2W 2223"]
[Site "Austria"]
[Date "2023.04.22"]
[Round "10.4"]
[White "Hengl, Philip"]
[Black "Besner, Bernhard"]
[Result "0-1"]
[WhiteElo "1928"]
[BlackElo "2135"]
[PlyCount "54"]
[EventDate "2022.09.23"]
[EventType "team-tourn"]
[EventRounds "11"]
[EventCountry "AUT"]
[SourceTitle "EXT 2024"]
[Source "ChessBase"]
[SourceDate "2023.10.10"]
[SourceVersion "1"]
[SourceVersionDate "2023.10.10"]
[SourceQuality "1"]
[WhiteTeam "Pradl"]
[BlackTeam "Salzburg ASK"]
[WhiteTeamCountry "AUT"]
[BlackTeamCountry "AUT"]

1. Nf3 d5 2. e3 Nf6 3. c4 e6 4. d4 c5 5. cxd5 exd5 6. Bb5+ Nc6 7. dxc5 Bxc5 8. 0-0 0-0 9. b3 a6 10. Bxc6 bxc6 11. Bb2 Bg4 12. Nc3 Re8 13. Rc1 Rc8 14. Na4 Ba7 15. Nc5 Qd6 16. Bd4 Bb8 17. g3 Ne4 18. Nd3 Qh6 19. Nde1 Qh5 20. h4 Re6 21. Kg2 Rg6 22. Qd3 c5 23. Bb2 Bf5 24. Ng5 Rxg5 25. hxg5 Qh3+ 26. Kg1 Nxg3 27. Qxd5 Ne2# 0-1

[Event "Lienz op 21st"]
[Site "Lienz"]
[Date "2023.02.18"]
[Round "9"]
[White "Hengl, Philip"]
[Black "Lerch, Johannes"]
[Result "0-1"]
[WhiteElo "2058"]
[BlackElo "2278"]
[PlyCount "76"]
[EventDate "2023.02.11"]
[EventType "swiss"]
[EventRounds "9"]
[EventCountry "AUT"]
[SourceTitle "CBM 212 Extra"]
[Source "ChessBase"]
[SourceDate "2023.03.31"]
[SourceVersion "1"]
[SourceVersionDate "2023.03.31"]
[SourceQuality "1"]

1. e4 e5 2. Nf3 Nc6 3. Bb5 a6 4. Ba4 d6 5. d4 b5 6. Bb3 Nxd4 7. Nxd4 exd4 8. Bd5 Rb8 9. Bc6+ Bd7 10. Bxd7+ Qxd7 11. Qxd4 Nf6 12. 0-0 Be7 13. Nc3 0-0 14. Qd3 Rfe8 15. f3 b4 16. Nd5 Nxd5 17. Qxd5 Bf6 18. Rd1 Rb5 19. Qd3 Qc6 20. a3 bxa3 21. Rxa3 Bxb2 22. Bxb2 Rxb2 23. Rc3 Qb6+ 24. Kf1 Rb1 25. g3 Rxd1+ 26. Qxd1 Re5 27. Qd3 h5 28. Kg2 Rb5 29. Rc4 Rb1 30. Rd4 Qb5 31. Rc4 Rd1 32. Qc3 Rd2+ 33. Kh3 Qd7+ 34. g4 hxg4+ 35. fxg4 Qe6 36. Kg3 Qh6 37. h4 Re2 38. Kf3 Rh2 0-1

[Event "AUT-ch"]
[Site "Vienna"]
[Date "2022.08.19"]
[Round "9"]
[White "Ivanyk, Igor"]
[Black "Hengl, Philip"]
[Result "1/2-1/2"]
[WhiteElo "2002"]
[BlackElo "1937"]
[PlyCount "71"]
[EventDate "2022.08.12"]
[EventType "swiss"]
[EventRounds "9"]
[EventCountry "AUT"]
[SourceTitle "CBM 209 Extra"]
[Source "ChessBase"]
[SourceDate "2022.09.30"]
[SourceVersion "1"]
[SourceVersionDate "2022.09.30"]
[SourceQuality "1"]

1. e4 e5 2. Nf3 Nc6 3. Bb5 Nf6 4. 0-0 Nxe4 5. d4 Nd6 6. dxe5 Nxb5 7. a4 Nbd4 8. Nxd4 Nxd4 9. Qxd4 d5 10. exd6 Qxd6 11. Qe4+ Qe6 12. Qd4 Qd6 13. Qe4+ Qe6 14. Nc3 Qxe4 15. Nxe4 Bf5 16. Re1 0-0-0 17. Bf4 Bxe4 18. Rxe4 Bd6 19. Bxd6 Rxd6 20. Re7 Rd7 21. Rae1 Rhd8 22. Kf1 Rxe7 23. Rxe7 Rd7 24. Re8+ Rd8 25. Rxd8+ Kxd8 26. Ke2 Ke7 27. Kd3 Kd6 28. Kc4 c6 29. b4 b6 30. h3 a6 31. g3 c5 32. c3 Kc6 33. b5+ axb5+ 34. axb5+ Kd6 35. Kd3 f5 36. f4 1/2-1/2

[Event "St Veit op 41st"]
[Site "St Veit"]
[Date "2022.07.09"]
[Round "1"]
[White "Novosel, Lovro"]
[Black "Hengl, Philip"]
[Result "1-0"]
[WhiteElo "2255"]
[BlackElo "1968"]
[PlyCount "43"]
[EventDate "2022.07.09"]
[EventType "swiss"]
[EventRounds "9"]
[EventCountry "AUT"]
[SourceTitle "CBM 209 Extra"]
[Source "ChessBase"]
[SourceDate "2022.09.30"]
[SourceVersion "1"]
[SourceVersionDate "2022.09.30"]
[SourceQuality "1"]

1. Nf3 d5 2. d4 Nf6 3. c4 e6 4. g3 Bb4+ 5. Bd2 Be7 6. Bg2 0-0 7. 0-0 Nbd7 8. Qc2 Ne4 9. Bf4 c6 10. Nc3 g5 11. Bd2 f5 12. Rab1 a5 13. a3 b6 14. cxd5 cxd5 15. Nb5 Ba6 16. a4 Rc8 17. Qd3 h6 18. Rfc1 Rxc1+ 19. Rxc1 Qb8 20. Rc6 Nd6 21. Qe3 Kf7 22. Nc7 1-0

[Event "AUT-ch U16"]
[Site "St Veit"]
[Date "2022.04.10"]
[Round "2"]
[White "Gschiel, Alexander"]
[Black "Hengl, Philip"]
[Result "0-1"]
[WhiteElo "2186"]
[BlackElo "2012"]
[PlyCount "76"]
[EventDate "2022.04.10"]
[EventType "swiss"]
[EventRounds "7"]
[EventCountry "AUT"]
[SourceTitle "EXT 2023"]
[Source "ChessBase"]
[SourceDate "2022.10.05"]
[SourceVersion "1"]
[SourceVersionDate "2022.10.05"]
[SourceQuality "1"]

1. d4 d5 2. c4 e6 3. Nf3 Nf6 4. g3 Bb4+ 5. Bd2 Be7 6. Bg2 0-0 7. 0-0 Nbd7 8. b3 Ne4 9. Nc3 Nxd2 10. Nxd2 c6 11. Qc2 f5 12. e3 g5 13. h3 Nf6 14. Nf3 h6 15. g4 Kg7 16. Ne5 Nd7 17. Ne2 Nxe5 18. dxe5 f4 19. Nd4 Bd7 20. cxd5 cxd5 21. e4 Qb6 22. Rad1 Bc5 23. Nf5+ exf5 24. Rxd5 Bc6 25. Rxc5 fxe4 26. Qc3 f3 27. e6+ Kg6 28. Bh1 Rae8 29. Qe5 Re7 30. h4 Qc7 31. Qd4 Qf4 32. Re1 Qxg4+ 33. Kh2 Qxh4+ 34. Kg1 Rf4 35. Bxf3 exf3 36. Qd3+ Be4 37. Rxe4 Qg4+ 38. Kf1 Rxe4 0-1

[Event "AUT-chT2W 2122"]
[Site "Austria"]
[Date "2022.03.13"]
[Round "11.5"]
[White "Stoeckl, Norbert"]
[Black "Hengl, Philip"]
[Result "1-0"]
[WhiteElo "2038"]
[BlackElo "1947"]
[PlyCount "25"]
[EventDate "2021.10.15"]
[EventType "team-tourn"]
[EventRounds "11"]
[EventCountry "AUT"]
[SourceTitle "EXT 2023"]
[Source "ChessBase"]
[SourceDate "2022.10.05"]
[SourceVersion "1"]
[SourceVersionDate "2022.10.05"]
[SourceQuality "1"]
[WhiteTeam "Schwarzach"]
[BlackTeam "Rochade Rum"]
[WhiteTeamCountry "AUT"]
[BlackTeamCountry "AUT"]

1. e4 e5 2. Nf3 Nc6 3. Bb5 Nf6 4. d3 Bc5 5. c3 d5 6. Nxe5 Qd6 7. d4 Nxe4 8. Qa4 Qe6 9. 0-0 0-0 10. Nxc6 a6 11. dxc5 axb5 12. Qxa8 Qxc6 13. Qa5 1-0

[Event "AUT-chT2W 2122"]
[Site "Austria"]
[Date "2021.10.16"]
[Round "2.6"]
[White "Hengl, Philip"]
[Black "Lerch, Johannes"]
[Result "0-1"]
[WhiteElo "1947"]
[BlackElo "2153"]
[PlyCount "46"]
[EventDate "2021.10.15"]
[EventType "team-tourn"]
[EventRounds "11"]
[EventCountry "AUT"]
[SourceTitle "CBM 204 Extra"]
[Source "ChessBase"]
[SourceDate "2021.11.30"]
[SourceVersion "1"]
[SourceVersionDate "2021.11.30"]
[SourceQuality "1"]
[WhiteTeam "Rochade Rum"]
[BlackTeam "Jenbach II"]
[WhiteTeamCountry "AUT"]
[BlackTeamCountry "AUT"]

1. c4 Nf6 2. Nf3 e6 3. g3 d5 4. Bg2 Be7 5. 0-0 0-0 6. b3 b6 7. cxd5 exd5 8. Bb2 Bb7 9. d4 c5 10. Nbd2 Nc6 11. Rc1 Ne4 12. dxc5 Bxc5 13. a3 a5 14. Qc2 f5 15. e3 Qe7 16. Nb1 Ba6 17. Rfd1 Nxf2 18. Nd4 Nxd1 19. Bxd5+ Kh8 20. Rxd1 Qxe3+ 21. Qf2 Qxf2+ 22. Kxf2 Nxd4 23. Bxa8 Ne6+ 0-1

[Event "Innsbruck op 5th"]
[Site "Innsbruck"]
[Date "2021.08.25"]
[Round "6"]
[White "Higatsberger, Michael"]
[Black "Hengl, Philip"]
[Result "1-0"]
[WhiteElo "2112"]
[BlackElo "1974"]
[PlyCount "35"]
[EventDate "2021.08.21"]
[EventType "swiss"]
[EventRounds "9"]
[EventCountry "AUT"]
[SourceTitle "CBM 204 Extra"]
[Source "ChessBase"]
[SourceDate "2021.11.30"]
[SourceVersion "1"]
[SourceVersionDate "2021.11.30"]
[SourceQuality "1"]

1. e4 e6 2. d4 d5 3. e5 c5 4. c3 Nc6 5. Nf3 Qb6 6. Be2 Nh6 7. Bxh6 gxh6 8. Qd2 Bd7 9. 0-0 Rg8 10. Na3 cxd4 11. cxd4 h5 12. Nc2 Be7 13. b4 Rc8 14. a3 h4 15. h3 Qd8 16. Qh6 Nxe5 17. Nxe5 Rxc2 18. Qxh7 1-0

[Event "Innsbruck op 5th"]
[Site "Innsbruck"]
[Date "2021.08.23"]
[Round "4"]
[White "Richter, Philipp2222"]
[Black "Hengl, Philip"]
[Result "1-0"]
[WhiteElo "2233"]
[BlackElo "1974"]
[PlyCount "45"]
[EventDate "2021.08.21"]
[EventType "swiss"]
[EventRounds "9"]
[EventCountry "AUT"]
[SourceTitle "CBM 204 Extra"]
[Source "ChessBase"]
[SourceDate "2021.11.30"]
[SourceVersion "1"]
[SourceVersionDate "2021.11.30"]
[SourceQuality "1"]

1. d4 d5 2. c4 c6 3. Nf3 Nf6 4. g3 e6 5. Bg2 Be7 6. 0-0 0-0 7. Nbd2 Nbd7 8. Qc2 b6 9. e4 dxe4 10. Nxe4 Nxe4 11. Qxe4 Bb7 12. Rd1 Qc7 13. Bf4 Bd6 14. Bxd6 Qxd6 15. Ne5 Nxe5 16. dxe5 Qc7 17. b4 Rfd8 18. b5 Rac8 19. bxc6 Ba8 20. c5 g6 21. Rd6 bxc5 22. Rad1 Kf8 23. Qh4 1-0

[Event "AUT-ch U14 Online Blitz"]
[Site "Playchess.com INT"]
[Date "2020.12.11"]
[Round "1"]
[White "Schwarz, Rene"]
[Black "Hengl, Philip"]
[Result "0-1"]
[WhiteElo "1496"]
[BlackElo "1698"]
[PlyCount "112"]
[EventDate "2020.12.11"]
[EventType "swiss (blitz)"]
[EventRounds "7"]
[EventCountry "AUT"]
[SourceTitle "EXT 2022"]
[Source "ChessBase"]
[SourceDate "2021.10.06"]
[SourceVersion "1"]
[SourceVersionDate "2021.10.06"]
[SourceQuality "1"]

1. d4 d5 2. e3 Nf6 3. Nf3 e6 4. g3 b6 5. Bg2 Bb7 6. b3 c5 7. Bb2 Nc6 8. Qe2 Be7 9. c4 0-0 10. 0-0 Rc8 11. dxc5 Bxc5 12. Nc3 Qe7 13. cxd5 Nxd5 14. Nxd5 exd5 15. Rfd1 Rfd8 16. Rd2 Rd7 17. a3 a5 18. Rad1 Rcd8 19. Nd4 Nxd4 20. Bxd4 Bxd4 21. Rxd4 Qxa3 22. Qb5 Qc5 23. Qxc5 bxc5 24. Ra4 Ra8 25. Kf1 Bc6 26. Ra2 a4 27. bxa4 Rxa4 28. Rda1 Rxa2 29. Rxa2 Bb5+ 30. Ke1 h6 31. e4 Re7 32. Ra8+ Kh7 33. Kd2 dxe4 34. Rd8 Bd3 35. Ke3 c4 36. Rc8 g6 37. Rc5 Kg7 38. h4 f5 39. f3 Kf6 40. fxe4 fxe4 41. g4 g5 42. h5 Kg7 43. Rc6 Rf7 44. Bxe4 Re7 45. Kf3 Bxe4+ 46. Kg3 Bxc6 47. Kh3 c3 48. Kh2 Re3 49. Kg1 c2 50. Kf2 Rc3 51. Ke2 Bf3+ 52. Kf2 Bxg4 53. Kg2 Bxh5 54. Kf2 c1Q 55. Kg2 Qd2+ 56. Kf1 Rc1# 0-1

[Event "AUT-ch U12"]
[Site "St Veit"]
[Date "2019.06.09"]
[Round "3.4"]
[White "Hengl, Philip"]
[Black "Guba, Viktor"]
[Result "1/2-1/2"]
[WhiteElo "1669"]
[BlackElo "1221"]
[PlyCount "84"]
[EventDate "2019.06.08"]
[EventType "swiss"]
[EventRounds "7"]
[EventCountry "AUT"]
[SourceTitle "EXT 2024"]
[Source "ChessBase"]
[SourceDate "2023.10.10"]
[SourceVersion "1"]
[SourceVersionDate "2023.10.10"]
[SourceQuality "1"]

1. e4 c5 2. Nf3 Nc6 3. d4 cxd4 4. Nxd4 g6 5. c4 Bg7 6. Be3 Nf6 7. Nc3 d6 8. Be2 Bd7 9. 0-0 0-0 10. Rc1 Nxd4 11. Bxd4 Bc6 12. f3 a5 13. Qd2 Nd7 14. Be3 Nc5 15. Rfd1 Na4 16. Nxa4 Bxa4 17. b3 Bc6 18. c5 dxc5 19. Rxc5 Qxd2 20. Rxd2 Rfc8 21. Kf2 e6 22. Rcc2 Bf8 23. Bc5 Bxe4 24. fxe4 Bxc5+ 25. Kf3 b6 26. Bb5 Rd8 27. Bc4 Kf8 28. Ke2 Ke7 29. Rxd8 Rxd8 30. Rd2 Rxd2+ 31. Kxd2 Kf6 32. Ke2 Ke5 33. Kf3 h5 34. h3 g5 35. g4 h4 36. a4 Bg1 37. Bd3 Bh2 38. Be2 f5 39. exf5 exf5 40. Ba6 Bf4 41. Bd3 fxg4+ 42. Kxg4 Kd5 1/2-1/2